Learning Resource and Development

The Philippine journal of graduate education. (Record no. 32058)

MARC details
000 -LEADER
fixed length control field 01031nam a22002777a 4500
003 - CONTROL NUMBER IDENTIFIER
control field CSPC
005 - DATE AND TIME OF LATEST TRANSACTION
control field 20260314165644.0
008 - FIXED-LENGTH DATA ELEMENTS--GENERAL INFORMATION
fixed length control field 260314c2015 ph r j i 00 0eng d
022 ## - INTERNATIONAL STANDARD SERIAL NUMBER
International Standard Serial Number 2423-1401
040 ## - CATALOGING SOURCE
Original cataloging agency CSPC
Language of cataloging eng
Transcribing agency CSPC
Description conventions rda
245 14 - TITLE STATEMENT
Title The Philippine journal of graduate education.
264 #1 - PRODUCTION, PUBLICATION, DISTRIBUTION, MANUFACTURE, AND COPYRIGHT NOTICE
Place of production, publication, distribution, manufacture Quezon City :
Name of producer, publisher, distributor, manufacturer PAGE-National,
Date of production, publication, distribution, manufacture, or copyright notice 2015.
300 ## - PHYSICAL DESCRIPTION
Extent volumes :
Other physical details illustrations ;
Dimensions 25 cm.
336 ## - CONTENT TYPE
Source rdacontent
Content type term text
337 ## - MEDIA TYPE
Source rdamedia
Media type term unmediated
338 ## - CARRIER TYPE
Source rdacarrier
Carrier type term volume
362 ## - DATES OF PUBLICATION AND/OR SEQUENTIAL DESIGNATION
Dates of publication and/or sequential designation Volume 1, Number 1
504 ## - BIBLIOGRAPHY, ETC. NOTE
Bibliography, etc. note GAA - Textbooks and Instructional Materials
650 #4 - SUBJECT ADDED ENTRY--TOPICAL TERM
Topical term or geographic name entry element Graduate work in universities and colleges
General subdivision Periodicals
650 #4 - SUBJECT ADDED ENTRY--TOPICAL TERM
Topical term or geographic name entry element Education
General subdivision Periodicals
650 #4 - SUBJECT ADDED ENTRY--TOPICAL TERM
Topical term or geographic name entry element Universities and colleges
Source of heading or term Philippines
General subdivision Periodicals
650 #4 - SUBJECT ADDED ENTRY--TOPICAL TERM
Topical term or geographic name entry element Higher education
General subdivision Periodicals
700 1# - ADDED ENTRY--PERSONAL NAME
Personal name Ballena, Constantino T.,
Relator term editor.
942 ## - ADDED ENTRY ELEMENTS (KOHA)
Source of classification or shelving scheme Dewey Decimal Classification
Koha item type Serials
Classification part 378.05
Item part P538
Call number prefix SER
Call number suffix 2015
Suppress in OPAC No
Holdings
Withdrawn status Lost status Source of classification or shelving scheme Damaged status Not for loan Home library Current library Shelving location Date acquired Serial Enumeration / chronology Total Checkouts Full call number Barcode Date last seen Copy number Price effective from Koha item type Public note
    Dewey Decimal Classification   Not For Loan Main Library Main Library Serials 03/14/2026 February 2015, Volume 1 Number 1   Ser EDUC 29 v.1 n.1 2015 01660S 03/14/2026 1-1 03/14/2026 Serials Journal